000
00312nam a22001337a 4500
008
171027b xxu||||| |||| 00| 0 eng d
020
_a
2900324568195
041
_a
eng
080
_2
9 ED
_a
336
100
_a
55
101
_a
MEN
245
_a
INTERNATIONAL FINANCIAL MANAGEMENT
_c
MADURA.J
942
_2
udc
_c
BK
999
_c
36010
_d
36010